000 01759nam a2200433 a 4500
001 vtls003202767
003 MY-SjTCS
005 20200306164437.0
006 m u
007 cr cn|||||||||
008 100712s2008 dcua sb i001 0 eng
010 _z 2008-011425
020 _z9780821369999
020 _z0821369997
020 _z9780821370001 (electronic)
020 _z0821370006 (electronic)
035 _a(CaPaEBR)ebr10231572
039 9 _y201007121801
_zVLOAD
040 _aCaPaEBR
_cCaPaEBR
043 _ad------
050 1 4 _aHN18.3
_b.I545 2008eb
082 0 4 _a320.609172/4
_222
245 0 0 _aInclusive states
_h[electronic resource] :
_bsocial policy and structural inequalities /
_cAnis A. Dani and Arjan de Haan, editors.
260 _aWashington, D.C. :
_bWorld Bank,
_cc2008.
300 _axlviii, 418 p. :
_bill. ;
_c23 cm.
490 1 _aNew frontiers of social policy
504 _aIncludes bibliographical references and index.
529 _aTSLHHL
533 _aElectronic reproduction.
_bPalo Alto, Calif. :
_cebrary,
_d2009.
_nAvailable via World Wide Web.
_nAccess may be limited to ebrary affiliated libraries.
650 0 _aSocial policy.
_9252189
650 0 _aStructural adjustment (Economic policy)
_xSocial aspects.
_9252190
651 0 _aDeveloping countries
_xSocial policy.
_9252191
655 7 _aElectronic books.
_2local
_9201578
700 1 _aDani, Anis A.
_q(Anis Ahmad)
_9252192
700 1 _aHaan, Arjan de.
_986647
710 2 _aebrary, Inc.
_925628
830 0 _aNew frontiers of social policy.
_9252193
856 4 0 _uhttps://ezproxy.taylors.edu.my/login?url=http://site.ebrary.com/lib/taylorscollege/Doc?id=10231572
_zAn electronic book accessible through the World Wide Web; click to view
999 _c49847